| 000 | 00443nam a2200181Ia 4500 | ||
|---|---|---|---|
| 008 | 230524s9999 xx 000 0 und d | ||
| 020 | _a8121928745 | ||
| 082 | _bSAR | ||
| 100 | _a"Sareen, Kuldeep" | ||
| 245 | 0 | _aCAD/ CAM : Theory and Concepts | |
| 250 | _a1 | ||
| 260 |
_aNew Delhi _bS.Chand _c2010 |
||
| 300 | _axix; 450 p. | ||
| 500 | _aQuantity Number: 42 | ||
| 650 | _aMechanics | ||
| 700 | _a"Grewal, Chandandeep" | ||
| 942 | _cBK | ||
| 999 |
_c52746 _d52746 |
||